000 00392pam a2200157a 44500
008 230515b2008 xxu||||| |||| 00| 0 eng d
020 _a81-7381-041-9
041 _aENGLISH
082 _a618
100 _aD.C.DUTTA.
245 _aTEXTBOOK OF GYNAECOLOGY.
250 _a5TH ED
260 _aNULL
_bNEW CENTRAL BOOK AGENCY ( P) LTD.
_c2008
300 _aXX,627, PB.
650 _aGYNECOLOGY
999 _c504195
_d504195